Một số văn bản pháp luật về quản lý hành chính, cải cách thủ tục hành chính trong cơ quan nhà nước và tổ chức chính trị - xã hội

Na minha lista:
Detalhes bibliográficos
Formato: Livro
Idioma:Undetermined
Publicado em: Hà Nội Chính Trị Quốc Gia 2001
Assuntos:
Tags: Adicionar Tag
Sem tags, seja o primeiro a adicionar uma tag!
Thư viện lưu trữ: Trung tâm Học liệu Trường Đại học Cần Thơ
LEADER 00584nam a2200145Ia 4500
001 CTU_46559
008 210402s9999 xx 000 0 und d
082 |a 342.597 
082 |b M458 
245 0 |a Một số văn bản pháp luật về quản lý hành chính, cải cách thủ tục hành chính trong cơ quan nhà nước và tổ chức chính trị - xã hội 
260 |a Hà Nội 
260 |b Chính Trị Quốc Gia 
260 |c 2001 
650 |a administrative law - vietnam 
980 |a Trung tâm Học liệu Trường Đại học Cần Thơ